| 000 | 00675nam a22001577a 4500 | ||
|---|---|---|---|
| 003 | LRUA | ||
| 005 | 20200515135953.0 | ||
| 008 | 200515b xxu||||| |||| 00| 0 eng d | ||
| 040 | _cRUA | ||
| 082 | _aAGR KHE 2018 B663 Or.1 | ||
| 100 |
_914252 _aKHEAN CHANCHAV ឃាន ចាន់ចាវ |
||
| 245 | _aការគ្រប់គ្រងអាសូតសម្រាប់ដំណាំស្រូវពូជខា ១៤ ក្នុងលក្ខខណ្ឌដីល្បាយខ្សាច់ nitrogen Management on car 14 rice varieties under sandy loam condiion | ||
| 260 |
_aRUA _bPhnom penh _c2018 |
||
| 300 |
_aix;28p _bill; _c29cm |
||
| 942 |
_2ddc _cAGR |
||
| 999 |
_c19214 _d19214 |
||